Online
Catalog

Ocho años de estabilidad y progreso : (Record no. 47832)

MARC details
000 -CABECERA
campo de control de longitud fija 02157cam a2200337 i 4500
001 - NÚMERO DE CONTROL
campo de control 000048344
003 - IDENTIFICADOR DEL NÚMERO DE CONTROL
campo de control DO-SdBNP
005 - FECHA Y HORA DE LA ÚLTIMA TRANSACCIÓN
campo de control 20251031085125.0
007 - CAMPO FIJO DE DESCRIPCIÓN FÍSICA--INFORMACIÓN GENERAL
campo de control de longitud fija ta
008 - DATOS DE LONGITUD FIJA--INFORMACIÓN GENERAL
campo de control de longitud fija 190208s2012 dr acd gr|||||||1 m|spa d
040 ## - FUENTE DE LA CATALOGACIÓN
Centro catalogador/agencia de origen DO-SdBNP
Lengua de catalogación spa
Centro/agencia transcriptor BNPHU
082 ## - NÚMERO DE LA CLASIFICACIÓN DECIMAL DEWEY
Número de clasificación xxxx
Número de documento/Ítem R426o
110 1# - ENTRADA PRINCIPAL--NOMBRE DE ENTIDAD CORPORATIVA
Nombre de entidad corporativa o nombre de jurisdicción como elemento de entrada República Dominicana.
Unidad subordinada Ministerio de Industría y Comercio
9 (RLIN) 75764
245 10 - MENCIÓN DE TÍTULO
Título Ocho años de estabilidad y progreso :
Resto del título huellas de una gestión éxitosa /
Mención de responsabilidad, etc. prólogo: Manuel García Arévelo ; fotografías: Tony Arias, Rafael Fedrreira.
264 ## - PRODUCCIÓN, PUBLICACIÓN, DISTRIBUCIÓN, FABRICACIÓN Y COPYRIGHT
Producción, publicación, distribución, fabricación y copyright Santo Domingo, República Dominicana :
Nombre del de productor, editor, distribuidor, fabricante Ministerio de Industria y Comercio,
Fecha de producción, publicación, distribución, fabricación o copyright 2012.
300 ## - DESCRIPCIÓN FÍSICA
Extensión 196 páginas :
Otras características físicas ilustraciones, gráficas, retratos ;
Dimensiones 29 cm.
336 ## - TIPO DE CONTENIDO
Término de tipo de contenido texto
Código de tipo de contenido txt
Fuente rdacontent
337 ## - TIPO DE MEDIO
Nombre/término del tipo de medio sin mediación
Código del tipo de medio n
Fuente rdamedia
338 ## - TIPO DE SOPORTE
Nombre/término del tipo de soporte volumen
Código del tipo de soporte nc
Fuente rdacarrier
505 0# - NOTA DE CONTENIDO CON FORMATO
Nota de contenido con formato Presentación --
Título Despacho --
-- Comercio interno --
-- Energía no convencional e hidrocarburos --
-- Dirección de comercio exterior y administración de tratados comerciales internacionales (Dicoex) --
-- Dirección de Minería --
-- Consejo Nacional de Promoción y Apoyo a la Micro, Pequeña y Mediana Empresa --
-- Consejo Nacional de Zona Francas Francas de Exportaciones --
-- Consultoría jurídica --
-- Oficina de acceso a la información --
-- Dirección de recursos humanos --
-- Dirección de planificación y desarrollo --
-- Oficina nacional de propiedad industrial (Onapi) --
-- Dirección general de normas y sistemas calidad (Digenor) --
-- Dirección de comunicaciones --
-- Departamento de informática --
-- Dirección administrativa y financiera --
-- Asesoría marítima.
590 ## - NOTA LOCAL (RLIN)
Nota local Inventariado, 2019/LP
650 #0 - PUNTO DE ACCESO ADICIONAL DE MATERIA--TÉRMINO DE MATERIA
Término de materia o nombre geográfico como elemento de entrada Industrias
9 (RLIN) 32244
Subdivisión geográfica República Dominicana
650 #0 - PUNTO DE ACCESO ADICIONAL DE MATERIA--TÉRMINO DE MATERIA
Término de materia o nombre geográfico como elemento de entrada Rendimiento industrial
9 (RLIN) 48414
Subdivisión geográfica República Dominicana
650 #0 - PUNTO DE ACCESO ADICIONAL DE MATERIA--TÉRMINO DE MATERIA
Término de materia o nombre geográfico como elemento de entrada Condiciones económicas
9 (RLIN) 75414
Subdivisión geográfica República Dominicana
650 #0 - PUNTO DE ACCESO ADICIONAL DE MATERIA--TÉRMINO DE MATERIA
Término de materia o nombre geográfico como elemento de entrada Administración pública
Subdivisión de forma Informe
Subdivisión geográfica República Dominicana
9 (RLIN) 77190
651 #0 - PUNTO DE ACCESO ADICIONAL DE MATERIA--NOMBRE GEOGRÁFICO
Nombre geográfico República Dominicana
9 (RLIN) 78065
Subdivisión general Comercio
700 1# - PUNTO DE ACCESO ADICIONAL--NOMBRE DE PERSONA
Nombre de persona García Arévelo, Manuel,
Término indicativo de función/relación prólogo
9 (RLIN) 75765
700 1# - PUNTO DE ACCESO ADICIONAL--NOMBRE DE PERSONA
Nombre de persona Arias, Tony,
Término indicativo de función/relación ilustrador
9 (RLIN) 75766
700 1# - PUNTO DE ACCESO ADICIONAL--NOMBRE DE PERSONA
Nombre de persona Fedrreira, Rafael,
Término indicativo de función/relación ilustrador
9 (RLIN) 75767
942 ## - ELEMENTOS DE PUNTO DE ACCESO ADICIONAL (KOHA)
Fuente del sistema de clasificación o colocación Dewey Decimal Classification
Tipo de ítem Koha Libro
Holdings
Estado de retiro Estado de pérdida No para préstamo Código de colección Localización permanente Ubicación/localización actual Ubicación en estantería Fecha de adquisición Número de inventario Total de préstamos Signatura topográfica completa Código de barras Fecha visto por última vez Precio válido a partir de Tipo de ítem Koha
    Excluido de préstamo Patrimonio Dominicano Patrimonio Dominicano Patrimonio Dominicano Depósito 08.02.2019 LF1   xxxx R426o 48344-10 25.06.2020 25.06.2020 Libro y Folleto Colección Patrimonio Dominicano

Powered by Koha